Statistics for NBA PER Leaders Per Year

Click here to take the quiz!

General Stats

  • This quiz has been taken 333 times
  • The average score is 20 of 28

Answer Stats

YearsPlayer% Correct
2008, 2009, 2010, 2011, 2012, 2013LeBron James
98%
1987, 1988, 1989, 1990, 1991, 1992, 1993Michael Jordan
96%
2021, 2022Nikola Jokić
94%
2019, 2020G. Antetokounmpo
93%
1998, 1999, 2000, 2001, 2002Shaquille O'Neal
92%
2016Stephen Curry
92%
1969, 1970Jerry West
91%
2018James Harden
90%
1960, 1962, 1963, 1964, 1965, 1966, 1967, 1968Wilt Chamberlain
90%
1985, 1986Larry Bird
89%
2017Russell Westbrook
86%
2014Kevin Durant
85%
1997Karl Malone
82%
1982, 1983Moses Malone
82%
1971, 1972, 1973, 1975, 1976, 1977, 1978, 1979, 1981K. Abdul-Jabbar
81%
2006Dirk Nowitzki
75%
1980Julius Erving
69%
2007Dwyane Wade
68%
2004, 2005Kevin Garnett
67%
1994, 1995, 1996David Robinson
66%
1956, 1957, 1958, 1959Bob Pettit
58%
1952, 1953, 1954George Mikan
53%
1961Elgin Baylor
47%
2003Tracy McGrady
46%
1974Bob McAdoo
38%
2015Anthony Davis
34%
1984Adrian Dantley
18%
1955Neil Johnston
13%

Score Distribution

Percentile by Number Answered

Percent of People with Each Score

Your Score History

You have not taken this quiz